[Event "Bayern-chI Bank Hofmann 26th"]
[Site "Tegernsee"]
[Date "2023.11.05"]
[Round "9"]
[White "Holgert, Michael"]
[Black "Maier, Alexander"]
[Result "1-0"]
[WhiteElo "2051"]
[BlackElo "2277"]
[PlyCount "99"]
[EventDate "2023.10.28"]
[EventType "swiss"]
[EventRounds "9"]
[EventCountry "GER"]
[SourceTitle "Mega2024 Update 01"]
[Source "Chessbase"]
[SourceDate "2023.11.12"]
[SourceVersion "1"]
[SourceVersionDate "2023.11.12"]
[SourceQuality "1"]

1. d4 g6 2. e4 Bg7 3. Nc3 d6 4. Nf3 a6 5. a4 Nd7 6. Bc4 e6 7. Bg5 Ne7 8. a5 h6 9. Be3 Nf6 10. Bb3 0-0 11. Qd2 Kh7 12. h3 b5 13. axb6 cxb6 14. Nh2 d5 15. e5 Nfg8 16. f4 Nc6 17. Nf3 Na5 18. h4 f5 19. h5 Ne7 20. Bf2 Qe8 21. Bh4 gxh5 22. Bxe7 Qxe7 23. Rxh5 Kg8 24. Qf2 Kf7 25. Nxd5 exd5 26. Bxd5+ Be6 27. Rxf5+ Kg8 28. Rxf8+ Rxf8 29. Bxe6+ Qxe6 30. g3 Rc8 31. c3 Bf8 32. Nd2 Qf5 33. Qe2 Qg6 34. Kf2 Rc7 35. Ne4 Nc6 36. Rxa6 Ne7 37. Nf6+ Kf7 38. Rxb6 Ra7 39. Qc4+ Kg7 40. Qe2 Kh8 41. Qe4 Qf7 42. Rb8 Ng6 43. Qxg6 Qxg6 44. Rxf8+ Kg7 45. Rg8+ Kf7 46. Rxg6 Kxg6 47. Ke3 h5 48. d5 Ra2 49. b4 Rc2 50. Kd4 1-0

[Event "Mittelfrank Regionalliga Sud-Ost 2122"]
[Site "Mittelfranken"]
[Date "2021.10.24"]
[Round "1.4"]
[White "Holgert, Michael"]
[Black "Huber, Florian"]
[Result "1/2-1/2"]
[WhiteElo "2034"]
[BlackElo "1839"]
[PlyCount "171"]
[EventDate "2021.10.24"]
[EventType "team-tourn"]
[EventRounds "9"]
[EventCountry "GER"]
[SourceTitle "EXT 2024"]
[Source "ChessBase"]
[SourceDate "2023.10.10"]
[SourceVersion "1"]
[SourceVersionDate "2023.10.10"]
[SourceQuality "1"]
[WhiteTeam "Ingolstadt"]
[BlackTeam "Landau Dingolfing"]
[WhiteTeamCountry "GER"]
[BlackTeamCountry "GER"]

1. d4 d5 2. Bf4 c6 3. e3 Qb6 4. b3 Bf5 5. Bd3 Bxd3 6. Qxd3 Nf6 7. Nf3 Nbd7 8. h3 e6 9. 0-0 Be7 10. c4 Qa6 11. Nbd2 0-0 12. e4 dxe4 13. Nxe4 Nxe4 14. Qxe4 Nf6 15. Qc2 Rfd8 16. Rad1 Qb6 17. Rd3 a5 18. a4 c5 19. Be3 cxd4 20. Bxd4 Qc7 21. Qe2 Nh5 22. Qe4 Nf6 23. Qe3 Ra6 24. Be5 Rxd3 25. Qxd3 Qd7 26. Rd1 Qxd3 27. Rxd3 Rc6 28. Kf1 Kf8 29. Ke2 Ke8 30. Ke3 Bc5+ 31. Bd4 b6 32. Ne5 Rc7 33. Bxc5 bxc5 34. Rd6 Rb7 35. Nc6 Rxb3+ 36. Rd3 Rxd3+ 37. Kxd3 Kd7 38. Nxa5 Ne8 39. Nb7 Kc6 40. Nd8+ Kb6 41. Nxf7 Ka5 42. Ng5 Kxa4 43. Kc3 Nf6 44. f3 e5 45. Ne6 Nd7 46. Nxg7 Ka5 47. g4 Kb6 48. Kd3 Kc6 49. Ne8 Nf8 50. Ke4 Kd7 51. Ng7 Ng6 52. Nf5 Ke6 53. h4 Nf4 54. h5 Nh3 55. Ng7+ Kf6 56. Ne8+ Ke6 57. Nc7+ Kd6 58. Nd5 Ng5+ 59. Ke3 Ke6 60. Nc3 Ke7 61. Ne4 Ne6 62. g5 Kf7 63. Kf2 Nf4 64. Nxc5 Nxh5 65. Ke3 Kg6 66. Ne4 Nf4 67. c5 h6 68. gxh6 Kxh6 69. Nd6 Kg6 70. Ke4 Kf6 71. Nc4 Ne6 72. c6 Nc7 73. Nxe5 Ke6 74. f4 Kd6 75. Kf5 Nd5 76. Kg5 Ne7 77. Kf6 Nd5+ 78. Kf5 Ne7+ 79. Ke4 Ng8 80. f5 Nf6+ 81. Kd4 Ne8 82. Nc4+ Kxc6 83. Ke5 Kd7 84. Nb6+ Ke7 85. Nd5+ Kf7 86. f6 1/2-1/2

[Event "Bezirksliga Oberbayern 1819"]
[Site "Bayern"]
[Date "2019.03.24"]
[Round "8.6"]
[White "Holgert, Michael"]
[Black "Yaroshenko, Yaroslav"]
[Result "1-0"]
[WhiteElo "2003"]
[BlackElo "1834"]
[PlyCount "61"]
[EventDate "2018.10.21"]
[EventType "team-tourn"]
[EventRounds "9"]
[EventCountry "GER"]
[SourceTitle "EXT 2022"]
[Source "ChessBase"]
[SourceDate "2021.10.06"]
[SourceVersion "1"]
[SourceVersionDate "2021.10.06"]
[SourceQuality "1"]
[WhiteTeam "Ingolstadt MTV"]
[BlackTeam "Graefelfing SK"]
[WhiteTeamCountry "GER"]
[BlackTeamCountry "GER"]

1. d4 g6 2. Nf3 Bg7 3. c3 Nf6 4. Bg5 d5 5. Nbd2 0-0 6. e3 Nbd7 7. Be2 c5 8. 0-0 h6 9. Bxf6 Bxf6 10. b4 c4 11. e4 b5 12. a4 Nb6 13. axb5 Bd7 14. Ra5 Qe8 15. Qa1 Bxb5 16. exd5 Qd7 17. Ne5 Bxe5 18. dxe5 a6 19. Rd1 Qf5 20. Nf3 Qe4 21. Ra2 Rad8 22. Rd4 Qf5 23. Rad2 Kh7 24. Bd1 Qd7 25. Bc2 f5 26. h4 Qb7 27. Qd1 Qd7 28. h5 Ba4 29. hxg6+ Kxg6 30. Nh4+ Kh7 31. Qh5 1-0

[Event "Oberbayern Bezirksliga 1617"]
[Site "Germany"]
[Date "2016.12.04"]
[Round "3.6"]
[White "Herrmann, Michael2222"]
[Black "Holgert, Michael"]
[Result "1/2-1/2"]
[WhiteElo "2056"]
[BlackElo "1975"]
[PlyCount "46"]
[EventDate "2016.10.16"]
[EventType "team-tourn"]
[EventRounds "9"]
[EventCountry "GER"]
[SourceTitle "EXT 2019"]
[Source "ChessBase"]
[SourceDate "2018.10.10"]
[SourceVersion "1"]
[SourceVersionDate "2018.10.10"]
[SourceQuality "1"]
[WhiteTeam "Freilassing"]
[BlackTeam "Ingolstadt"]
[WhiteTeamCountry "GER"]
[BlackTeamCountry "GER"]

1. c4 b6 2. g3 Bb7 3. Nf3 Bxf3 4. exf3 c5 5. d4 cxd4 6. Qxd4 Nc6 7. Qd1 g6 8. Be3 Bg7 9. Qd2 Rc8 10. Be2 Nf6 11. 0-0 0-0 12. Rd1 Qc7 13. Bh6 Nd4 14. Bxg7 Nxe2+ 15. Qxe2 Kxg7 16. b3 d5 17. Na3 Rfd8 18. Nb5 Qb7 19. cxd5 a6 20. Nd4 Rxd5 21. f4 Rcd8 22. Nf3 Rxd1+ 23. Rxd1 Qe4 1/2-1/2

[Event "Eschborn op 10th"]
[Site "Eschborn"]
[Date "2013.09.01"]
[Round "5"]
[White "Holgert, Michael"]
[Black "Schmittdiel, Eckhard"]
[Result "0-1"]
[WhiteElo "1960"]
[BlackElo "2369"]
[PlyCount "46"]
[EventDate "2013.08.30"]
[EventType "swiss"]
[EventRounds "5"]
[EventCountry "GER"]
[SourceTitle "EXT 2014"]
[Source "ChessBase"]
[SourceDate "2013.11.20"]
[SourceVersion "1"]
[SourceVersionDate "2013.11.20"]
[SourceQuality "1"]

1. c4 g6 2. g3 Bg7 3. Bg2 e5 4. e4 Nc6 5. Nc3 Nge7 6. Nge2 d6 7. d3 0-0 8. Be3 Nd4 9. 0-0 c6 10. b4 f5 11. Bxd4 exd4 12. Nb1 fxe4 13. Bxe4 d5 14. cxd5 Nxd5 15. Nd2 Kh8 16. Bxd5 Qxd5 17. f4 Bg4 18. Ne4 Rae8 19. Qc2 Qb5 20. a4 Qxb4 21. Rab1 Qe7 22. Rf2 c5 23. Nxc5 Rc8 0-1

[Event "Wiesbaden op 25th"]
[Site "Wiesbaden"]
[Date "2013.08.25"]
[Round "6"]
[White "Haftmann, Rainer"]
[Black "Holgert, Michael"]
[Result "1/2-1/2"]
[WhiteElo "1935"]
[BlackElo "2077"]
[PlyCount "124"]
[EventDate "2013.08.22"]
[EventType "swiss"]
[EventRounds "7"]
[EventCountry "GER"]
[SourceTitle "CBM 156 Extra"]
[Source "ChessBase"]
[SourceDate "2013.10.22"]
[SourceVersion "1"]
[SourceVersionDate "2013.10.22"]
[SourceQuality "1"]

1. e4 d5 2. exd5 Qxd5 3. d4 Nc6 4. Nf3 e5 5. Nc3 Bb4 6. Bd2 Bxc3 7. Bxc3 e4 8. Ne5 Nxe5 9. dxe5 Ne7 10. Qd4 Qxd4 11. Bxd4 0-0 12. Be2 Re8 13. 0-0-0 b6 14. f4 exf3 15. Bxf3 Rb8 16. Rhe1 c5 17. Bf2 Be6 18. a3 h6 19. g4 Rbd8 20. Rd6 Rd7 21. Red1 Red8 22. h3 Kf8 23. Bg3 Ke8 24. Be2 Rxd6 25. exd6 Nc6 26. Bb5 Kd7 27. Bh4 f6 28. Bg3 Re8 29. Re1 Bd5 30. Rxe8 Kxe8 31. h4 Kd7 32. Kd2 Bf3 33. g5 hxg5 34. hxg5 fxg5 35. Ke3 g4 36. b4 Ke6 37. bxc5 bxc5 38. Bxc6 Bxc6 39. Kd3 Bd5 40. c3 a6 41. Bh2 g6 42. Bg3 Kd7 43. Bf4 Kc6 44. c4 Bf3 45. Kc3 Kd7 46. Kd3 Bc6 47. Ke3 Kc8 48. Bg3 Bd7 49. Ke4 Be6 50. Kd3 Kb7 51. Kc3 Kc6 52. Kd3 Bf5+ 53. Kc3 Kd7 54. Bh2 Ke6 55. Kd2 Be4 56. Bg3 Bc6 57. Ke3 Kf5 58. Bh2 g5 59. Bg3 Bd7 60. Kd3 a5 61. Ke3 a4 62. Kd3 Ke6 1/2-1/2

[Event "Wiesbaden op 25th"]
[Site "Wiesbaden"]
[Date "2013.08.24"]
[Round "4"]
[White "Achtmann, Armin Ludwig"]
[Black "Holgert, Michael"]
[Result "1/2-1/2"]
[WhiteElo "1963"]
[BlackElo "2076"]
[PlyCount "98"]
[EventDate "2013.08.22"]
[EventType "swiss"]
[EventRounds "7"]
[EventCountry "GER"]
[SourceTitle "EXT 2014"]
[Source "ChessBase"]
[SourceDate "2013.11.20"]
[SourceVersion "1"]
[SourceVersionDate "2013.11.20"]
[SourceQuality "1"]

1. b4 e5 2. Bb2 Bxb4 3. Bxe5 Nf6 4. c4 0-0 5. Nf3 Re8 6. e3 d5 7. Be2 c5 8. cxd5 Nxd5 9. 0-0 Nc6 10. Bb2 Bf5 11. d3 Qe7 12. e4 Nf4 13. Nc3 Rad8 14. Qc2 Bg4 15. Nd1 Bxf3 16. Bxf3 Nxd3 17. Ne3 Nxb2 18. Qxb2 Rd2 19. Qb3 Nd4 20. Qc4 b5 21. Qc1 Ne2+ 22. Bxe2 Rxe2 23. Nd5 Qxe4 24. Qg5 Qe5 25. Qxe5 R8xe5 26. Nxb4 cxb4 27. f4 Rc5 28. Rfd1 g6 29. a4 bxa4 30. Rxa4 a5 31. Rda1 Rcc2 32. Rxa5 Rxg2+ 33. Kf1 Rxh2 34. Kg1 Rhg2+ 35. Kh1 b3 36. f5 b2 37. Ra8+ Kg7 38. f6+ Kxf6 39. Rf1+ Kg7 40. Rxf7+ Kxf7 41. Rf8+ Kg7 42. Rf7+ Kh6 43. Rxh7+ Kg5 44. Rh5+ Kf4 45. Rf5+ Ke3 46. Rf3+ Kd4 47. Rd3+ Kc5 48. Rd5+ Kb6 49. Rb5+ Kxb5 1/2-1/2

[Event "Oberliga Nord O 1213"]
[Site "Germany"]
[Date "2012.11.26"]
[Round "3.5"]
[White "Holgert, Michael"]
[Black "Hein, Carsten"]
[Result "1-0"]
[WhiteElo "2083"]
[BlackElo "2228"]
[PlyCount "71"]
[EventDate "2012.10.17"]
[EventType "team-tourn"]
[EventRounds "9"]
[EventCountry "GER"]
[SourceTitle "EXT 2015"]
[Source "ChessBase"]
[SourceDate "2014.11.20"]
[SourceVersion "1"]
[SourceVersionDate "2014.11.20"]
[SourceQuality "1"]
[WhiteTeam "Cottbus Lokomotive"]
[BlackTeam "Potsdam Empor"]
[WhiteTeamCountry "GER"]
[BlackTeamCountry "GER"]

1. d4 d5 2. Bf4 Nf6 3. e3 e6 4. Bd3 Bd6 5. Bg3 0-0 6. Nd2 c5 7. c3 Nc6 8. Ngf3 h6 9. Ne5 Bxe5 10. dxe5 Nd7 11. f4 c4 12. Be2 Qb6 13. Qc2 Qxe3 14. Nf1 Qc5 15. Bf2 Qe7 16. Ng3 f6 17. exf6 Qxf6 18. 0-0 Qxf4 19. Bc5 Qg5 20. Bxf8 Nxf8 21. Rf2 Bd7 22. Raf1 Ne5 23. Nh5 Nfg6 24. Nf4 Ne7 25. Qc1 b5 26. Qe3 N5c6 27. Qc5 Nf5 28. Nxe6 Qe3 29. Qxd5 Bxe6 30. Qxc6 Rf8 31. Bf3 Rf6 32. Kh1 Nh4 33. Bd5 Bxd5 34. Qxd5+ Re6 35. Qd8+ Kh7 36. Qxh4 1-0

[Event "Oberliga Nord O 1213"]
[Site "Germany"]
[Date "2012.11.11"]
[Round "2.5"]
[White "Reyer, Ulli"]
[Black "Holgert, Michael"]
[Result "1/2-1/2"]
[WhiteElo "2185"]
[BlackElo "2083"]
[PlyCount "25"]
[EventDate "2012.10.17"]
[EventType "team-tourn"]
[EventRounds "9"]
[EventCountry "GER"]
[SourceTitle "EXT 2015"]
[Source "ChessBase"]
[SourceDate "2014.11.20"]
[SourceVersion "1"]
[SourceVersionDate "2014.11.20"]
[SourceQuality "1"]
[WhiteTeam "Greifswald"]
[BlackTeam "Cottbus Lokomotive"]
[WhiteTeamCountry "GER"]
[BlackTeamCountry "GER"]

1. e4 d6 2. d4 Nf6 3. Nc3 c6 4. Be3 Ng4 5. Bf4 e5 6. Bg3 Qb6 7. Nge2 Nd7 8. Rb1 Be7 9. f3 Ne3 10. Qd2 exd4 11. Bf2 0-0 12. Nxd4 Qxd4 13. Bxe3 1/2-1/2

[Event "Karl Mala Memorial op 12th"]
[Site "Frankfurt"]
[Date "2009.07.19"]
[Round "6"]
[White "Eigemann, Frederik"]
[Black "Holgert, Michael"]
[Result "1/2-1/2"]
[WhiteElo "1767"]
[BlackElo "2028"]
[PlyCount "45"]
[EventDate "2009.07.16"]
[EventType "swiss"]
[EventRounds "7"]
[EventCountry "GER"]
[SourceTitle "EXT 2010"]
[Source "ChessBase"]
[SourceDate "2010.11.25"]
[SourceVersion "1"]
[SourceVersionDate "2010.11.25"]
[SourceQuality "1"]

1. e4 c5 2. d3 Nc6 3. f4 e6 4. Nd2 d5 5. g3 dxe4 6. Nxe4 Nf6 7. Bg2 Be7 8. Ne2 Nxe4 9. Bxe4 Qc7 10. Be3 Bf6 11. c3 Ne7 12. d4 c4 13. Bf2 Bd7 14. g4 g6 15. Bg3 Qc8 16. h3 h5 17. Qc2 Bc6 18. 0-0-0 Bxe4 19. Qxe4 Qc6 20. Qxc6+ Nxc6 21. Rhe1 0-0-0 22. g5 Bg7 23. Bf2 1/2-1/2

[Event "Karl Mala Memorial op 12th"]
[Site "Frankfurt"]
[Date "2009.07.18"]
[Round "5"]
[White "Holgert, Michael"]
[Black "Schreyer, Oliver"]
[Result "0-1"]
[WhiteElo "2028"]
[BlackElo "2133"]
[PlyCount "98"]
[EventDate "2009.07.16"]
[EventType "swiss"]
[EventRounds "7"]
[EventCountry "GER"]
[SourceTitle "EXT 2010"]
[Source "ChessBase"]
[SourceDate "2010.11.25"]
[SourceVersion "1"]
[SourceVersionDate "2010.11.25"]
[SourceQuality "1"]

1. e4 d5 2. exd5 Qxd5 3. Nc3 Qa5 4. g3 c6 5. Bg2 Nf6 6. Nf3 Bf5 7. 0-0 e6 8. a3 Nbd7 9. d3 Be7 10. Qe2 0-0 11. Ne4 Rfd8 12. b4 Qa6 13. Nxf6+ Bxf6 14. Ra2 c5 15. bxc5 Nxc5 16. Bg5 Bxg5 17. Nxg5 h6 18. Ne4 Na4 19. Qd2 Rac8 20. Qb4 Rc7 21. Nd2 Nc3 22. Rb2 Nd5 23. Bxd5 Rxd5 24. Nc4 Bh3 25. Re1 Qc6 26. f3 b5 27. Ne3 Re5 28. Qd4 f6 29. Kf2 Rd7 30. Qh4 Bf5 31. Qb4 Qb6 32. Qd2 Qc5 33. Qb4 Qb6 34. Qd2 Bg6 35. a4 a6 36. axb5 axb5 37. Kg2 Rc5 38. Qb4 Qc6 39. Ra2 e5 40. Rea1 Kh7 41. Ra6 Rxc2+ 42. Nxc2 Qxc2+ 43. Kg1 Rxd3 44. R6a2 Qc6 45. f4 Qb6+ 46. Rf2 Rf3 47. Raa2 exf4 48. gxf4 Rd3 49. Ra1 Rd4 0-1

[Event "GER-ch U18"]
[Site "Willingen"]
[Date "2008.05.16"]
[Round "8"]
[White "Holgert, Michael"]
[Black "Farmani Anosheh, Armin"]
[Result "0-1"]
[WhiteElo "2004"]
[BlackElo "2168"]
[PlyCount "78"]
[EventDate "2008.05.11"]
[EventType "swiss"]
[EventRounds "9"]
[EventCountry "GER"]
[SourceTitle "CBM 124 Extra"]
[Source "ChessBase"]
[SourceDate "2008.07.03"]
[SourceVersion "1"]
[SourceVersionDate "2008.07.03"]
[SourceQuality "1"]

1. d4 Nf6 2. Nf3 c5 3. dxc5 e6 4. g3 Bxc5 5. Bg2 Nc6 6. 0-0 d5 7. c4 h6 8. a3 a5 9. cxd5 exd5 10. Qc2 Qe7 11. Nc3 0-0 12. b3 Bg4 13. Bb2 Rad8 14. Nb5 Ne4 15. Nbd4 Rc8 16. Nxc6 Rxc6 17. Qd3 Re6 18. Nd4 Bxe2 19. Qxe2 Bxd4 20. Bxd4 Nxg3 21. Qb2 Nxf1 22. Rxf1 Rg6 23. Kh1 Qg5 24. f4 Qf5 25. Qb1 Qh5 26. Be5 Rd8 27. Qd1 Qf5 28. Rf2 Re6 29. Rd2 f6 30. Bc3 Kh8 31. Bxa5 Rde8 32. Rxd5 Qxf4 33. Rd8 Rxd8 34. Qxd8+ Kh7 35. Qd3+ f5 36. Bd2 Qf2 37. Bh3 Rg6 38. Qb1 Qf3+ 39. Bg2 Qxg2# 0-1

[Event "GER-ch U18"]
[Site "Willingen"]
[Date "2008.05.14"]
[Round "6"]
[White "Holgert, Michael"]
[Black "Daug, Joern Henning"]
[Result "0-1"]
[WhiteElo "2004"]
[BlackElo "1734"]
[PlyCount "64"]
[EventDate "2008.05.11"]
[EventType "swiss"]
[EventRounds "9"]
[EventCountry "GER"]
[SourceTitle "CBM 124 Extra"]
[Source "ChessBase"]
[SourceDate "2008.07.03"]
[SourceVersion "1"]
[SourceVersionDate "2008.07.03"]
[SourceQuality "1"]

1. d4 Nf6 2. Nf3 d5 3. c4 c6 4. g3 Bf5 5. Nbd2 e6 6. Bg2 Bd6 7. 0-0 h6 8. b3 Nbd7 9. Bb2 0-0 10. Re1 Bh7 11. e4 Nxe4 12. Nxe4 Bxe4 13. Nh4 Bxg2 14. Nxg2 Re8 15. Qc2 Nf6 16. Re2 Ne4 17. f4 f5 18. Ne1 Rc8 19. Nd3 Qf6 20. Nf2 Qg6 21. Nxe4 fxe4 22. Rf1 Rf8 23. Bc1 c5 24. dxc5 Bxc5+ 25. Kh1 Qg4 26. Be3 d4 27. Bxd4 Bxd4 28. Qxe4 e5 29. Ree1 Rcd8 30. Qxb7 exf4 31. Rd1 f3 32. Rd3 f2 0-1

[Event "GER-ch U18"]
[Site "Willingen"]
[Date "2008.05.11"]
[Round "2"]
[White "Stips, Felix"]
[Black "Holgert, Michael"]
[Result "1/2-1/2"]
[WhiteElo "2095"]
[BlackElo "2004"]
[PlyCount "163"]
[EventDate "2008.05.11"]
[EventType "swiss"]
[EventRounds "9"]
[EventCountry "GER"]
[SourceTitle "CBM 124 Extra"]
[Source "ChessBase"]
[SourceDate "2008.07.03"]
[SourceVersion "1"]
[SourceVersionDate "2008.07.03"]
[SourceQuality "1"]

1. Nf3 d5 2. d4 Nf6 3. c4 e6 4. Nc3 c6 5. cxd5 exd5 6. Qc2 Bd6 7. Bg5 Nbd7 8. e3 h6 9. Bh4 0-0 10. Bd3 Re8 11. 0-0-0 Qa5 12. Kb1 b5 13. Nd2 Ba6 14. Nb3 Qb6 15. Rhe1 b4 16. Na4 Bxd3 17. Qxd3 Qb5 18. Qxb5 cxb5 19. Nac5 Bxc5 20. dxc5 Rac8 21. Bxf6 Nxf6 22. Rc1 Rc7 23. Rc2 a6 24. Rd1 g6 25. Rd4 Re4 26. Kc1 Kf8 27. Kd2 Ke8 28. Kd3 Rxd4+ 29. Kxd4 Re7 30. f3 Kd8 31. c6 Kc7 32. Nc5 a5 33. Nb3 a4 34. Nc5 Kc8 35. Nd3 b3 36. axb3 axb3 37. Rc3 Kc7 38. Nb4 Kd6 39. Rxb3 Ra7 40. Kd3 Ne8 41. Ra3 Ra4 42. Rxa4 bxa4 43. e4 dxe4+ 44. fxe4 Kc5 45. Nd5 Kxc6 46. Nc3 Kc5 47. Nxa4+ Kb4 48. Nb6 Kb3 49. Nc4 f6 50. e5 fxe5 51. Nxe5 Kxb2 52. Nxg6 Nf6 53. Ne5 Kb3 54. Ke3 Kc3 55. Kf4 Kd4 56. Ng4 Nd5+ 57. Kf5 h5 58. h4 hxg4 59. h5 Ne7+ 60. Ke6 Ng8 61. Kf7 Nh6+ 62. Kg7 Nf5+ 63. Kf6 Ke4 64. Kg5 g3 65. Kg4 Ke5 66. Kg5 Ke6 67. h6 Nd6 68. Kg6 Nf7 69. h7 Nh8+ 70. Kg7 Ke7 71. Kg8 Ke8 72. Kg7 Ke7 73. Kg8 Ke8 74. Kg7 Ke7 75. Kh6 Kf7 76. Kg5 Kg7 77. Kg4 Kxh7 78. Kxg3 Kg6 79. Kg4 Nf7 80. Kf4 Nd6 81. g4 Nc4 82. g5 1/2-1/2

[Event "Wiesbaden op"]
[Site "Wiesbaden"]
[Date "2007.08.09"]
[Round "4"]
[White "Bolduan, Michael"]
[Black "Holgert, Michael"]
[Result "0-1"]
[WhiteElo "1909"]
[BlackElo "1908"]
[PlyCount "110"]
[EventDate "2007.08.02"]
[EventType "swiss"]
[EventRounds "7"]
[EventCountry "GER"]
[SourceTitle "EXT 2008"]
[Source "ChessBase"]
[SourceDate "2007.11.25"]
[SourceVersion "1"]
[SourceVersionDate "2007.11.25"]
[SourceQuality "1"]

1. e4 c5 2. Nf3 e6 3. d3 Nc6 4. Nbd2 d6 5. g3 Nf6 6. Bg2 Be7 7. 0-0 0-0 8. Re1 Qc7 9. Nf1 Rb8 10. h4 b5 11. N1h2 d5 12. e5 Nd7 13. Bf4 d4 14. Ng4 Bb7 15. Qe2 Qd8 16. Ng5 Bxg5 17. hxg5 Re8 18. Be4 Nf8 19. Kg2 Ne7 20. Rh1 Nd5 21. Rh2 Ng6 22. Bxd5 exd5 23. Rah1 Bc8 24. Rxh7 Bxg4 25. Qxg4 Rb6 26. Qh5 Kf8 27. Re1 Rbe6 28. Rh1 Qa5 29. Qg4 Qxa2 30. Qf5 Qa6 31. R1h6 Kg8 32. Rh8+ Nxh8 33. Qh7+ Kf8 34. Qxh8+ Ke7 35. Qxg7 Rg6 36. Qh7 Qe6 37. Bd2 Reg8 38. f4 Qg4 39. Rxg6 Rxg6 40. Ba5 Qe2+ 41. Kg1 Qd1+ 42. Kg2 Qxc2+ 43. Kh3 Qxd3 44. Bd8+ Ke6 45. Qh8 Qf1+ 46. Kh2 Kf5 47. Qe8 Ke4 48. Qxf7 Kf3 49. Qxd5+ Kf2 50. Qh1 Qxh1+ 51. Kxh1 Rg8 52. g6 Rxd8 53. g7 Rg8 54. f5 Rxg7 55. f6 Rh7# 0-1